<?xml version="1.0" encoding="UTF-8"?>
<record
    xmlns:xsi="http://www.w3.org/2001/XMLSchema-instance"
    xsi:schemaLocation="http://www.loc.gov/MARC21/slim http://www.loc.gov/standards/marcxml/schema/MARC21slim.xsd"
    xmlns="http://www.loc.gov/MARC21/slim">

  <leader>02078    a2200241   4500</leader>
  <controlfield tag="001">14643</controlfield>
  <controlfield tag="005">20260407155448.0</controlfield>
  <controlfield tag="008">260407a2000    arg                 spa d</controlfield>
  <controlfield tag="003">AR-UNSa-BCEJYS</controlfield>
  <datafield tag="040" ind1=" " ind2=" ">
    <subfield code="a">AR-UNSa-BCEJYS</subfield>
    <subfield code="b">spa</subfield>
    <subfield code="c">AR-UNSa-BCEJYS</subfield>
  </datafield>
  <datafield tag="080" ind1=" " ind2=" ">
    <subfield code="a">330.101.541</subfield>
    <subfield code="x">Macroeconom&#xED;a</subfield>
  </datafield>
  <datafield tag="245" ind1="1" ind2="0">
    <subfield code="a">Curso de macroeconom&#xED;a</subfield>
  </datafield>
  <datafield tag="020" ind1=" " ind2=" ">
    <subfield code="a">978-84-85855-93-3</subfield>
  </datafield>
  <datafield tag="250" ind1=" " ind2=" ">
    <subfield code="a">2a. ed.</subfield>
  </datafield>
  <datafield tag="264" ind1=" " ind2="1">
    <subfield code="a">Barcelona :</subfield>
    <subfield code="b">Antoni Bosch</subfield>
    <subfield code="c">2000</subfield>
  </datafield>
  <datafield tag="300" ind1=" " ind2=" ">
    <subfield code="a">xi, 643 p.</subfield>
    <subfield code="c">24 cm.</subfield>
  </datafield>
  <datafield tag="505" ind1=" " ind2=" ">
    <subfield code="a">1. Macroeconom&#xED;a: conceptos e instrumentos - 2. Magnitudes macroecon&#xF3;micas b&#xE1;sicas - 3. Introducci&#xF3;n y supuestos del modelo - 4. Un modelo sencillo de determinaci&#xF3;n del nivel de renta: el modelo renta-gasto - 5. La demanda de consumo - 6. La demanda de inversi&#xF3;n - 7. El equilibrio en el mercado de bienes: la curva IS - 8. La demanda de dinero - 9. El Sistema Monetario y la oferta de dinero - 10. El equilibrio en los mercados financieros: la curva LM  - 11. El modelo IS-LM: el equilibrio del nivel de renta, la pol&#xED;tica monetaria y la pol&#xED;tica fiscal - 12. Introducci&#xF3;n del nivel de precios en el modelo IS-LM: la curva de demanda agregada - 13. El mercado de trabajo y la oferta agregada en el modelo keynesiano - 14. El modelo keynesiano completo. El papel de la pol&#xED;tica econ&#xF3;mica - 15 .El modelo cl&#xE1;sico - 16. La inflaci&#xF3;n: causas y efectos - 17. La relaci&#xF3;n entre inflaci&#xF3;n y desempleo - 18. Nueva Macroeconom&#xED;a Cl&#xE1;sica y Nueva Macroeconom&#xED;a Keynesiana - 19.Introducci&#xF3;n a la macroeconom&#xED;a de una econom&#xED;a abierta
 - 20. La determinaci&#xF3;n del nivel de renta en la econom&#xED;a abierta - 21. El ajuste de la balanza de pagos - 22. La pol&#xED;tica monetaria y la pol&#xED;tica fiscal en la econom&#xED;a abierta - 23. La oferta agregada y la econom&#xED;a abierta - 24. Algunos desarrollos recientes de la teor&#xED;a macroecon&#xF3;mica</subfield>
  </datafield>
  <datafield tag="942" ind1=" " ind2=" ">
    <subfield code="c">BK</subfield>
  </datafield>
  <datafield tag="590" ind1=" " ind2=" ">
    <subfield code="a">niveau_biblio:m niveau_hierar:0</subfield>
  </datafield>
  <datafield tag="100" ind1="1" ind2=" ">
    <subfield code="a">Bajo, &#xD3;scar</subfield>
  </datafield>
  <datafield tag="700" ind1="1" ind2=" ">
    <subfield code="a">Mon&#xE9;s, Mar&#xED;a Antonia</subfield>
  </datafield>
  <datafield tag="856" ind1="4" ind2="1">
    <subfield code="u">https://biblioeco.unsa.edu.ar/pmb/images/libros/Curso de Macroeconomia2-l118948.jpg</subfield>
    <subfield code="y">Imagen de portada</subfield>
    <subfield code="q">image/jpeg</subfield>
  </datafield>
  <datafield tag="999" ind1=" " ind2=" ">
    <subfield code="c">589</subfield>
    <subfield code="d">589</subfield>
  </datafield>
  <datafield tag="952" ind1=" " ind2=" ">
    <subfield code="0">0</subfield>
    <subfield code="1">0</subfield>
    <subfield code="4">0</subfield>
    <subfield code="7">0</subfield>
    <subfield code="a">BCEJYS</subfield>
    <subfield code="b">BCEJYS</subfield>
    <subfield code="c">16</subfield>
    <subfield code="d">2026-04-07</subfield>
    <subfield code="l">0</subfield>
    <subfield code="o">330.101.541 B165 2ed.</subfield>
    <subfield code="p">L118948</subfield>
    <subfield code="r">2026-04-07 15:54:48</subfield>
    <subfield code="w">2026-04-07</subfield>
    <subfield code="y">L</subfield>
    <subfield code="z">L&#xC1;PIZ -</subfield>
  </datafield>
</record>
